00438nam a22001452 4500001001100000005001700011008004100028020001700069040001500086245006400101260003400165300001600199650002900215700004800244000002506920151217160134.0141027s xx 000 0 eng d a0021092699 : aKABUcKABU10aMathematics in action /cby Audrey L. Jackson, ...[et al.]. aNew York :bMacmillan,c1994. aix, 598 p. 0aMathematics.@00001481591 aJackson, Audrey L., ...[et al.]@0000185462